000
00309nam a2200109Ia 4500
008
200302s9999 xx 000 0 und d
100
_a
Tang art design and informantion group Ltd.
245
_a
Controversial architecture
260
_b
Tang art design and information group Ltd.
260
_c
2013
300
_a
365
999
_c
7332
_d
7332